Spatial ecology of water (Record no. 9536)

000 -LEADER
fixed length control field 00352nam a2200145 4500
003 - CONTROL NUMBER IDENTIFIER
control field OSt
005 - DATE AND TIME OF LATEST TRANSACTION
control field 20210702112311.0
008 - FIXED-LENGTH DATA ELEMENTS--GENERAL INFORMATION
fixed length control field 210702b ||||| |||| 00| 0 eng d
020 ## - INTERNATIONAL STANDARD BOOK NUMBER
International Standard Book Number 9788190852845
082 ## - DEWEY DECIMAL CLASSIFICATION NUMBER
Classification number 577.015
Item number MEG
100 ## - MAIN ENTRY--PERSONAL NAME
Personal name Meghal Arya
245 ## - TITLE STATEMENT
Title Spatial ecology of water
260 ## - PUBLICATION, DISTRIBUTION, ETC. (IMPRINT)
Place of publication, distribution, etc Ahamedabad India
Name of publisher, distributor, etc AADI Centre
Date of publication, distribution, etc 2019
942 ## - ADDED ENTRY ELEMENTS (KOHA)
Source of classification or shelving scheme
Holdings
Withdrawn status Lost status Source of classification or shelving scheme Damaged status Koha normalized classification for sorting Not for loan Permanent location Current location Date acquired Total Checkouts Full call number Barcode Date last seen Date last borrowed Price effective from Koha item type
        577_015000000000000_MEG   BMS College of Architecture, Design and Planning BMS College of Architecture, Design and Planning 2021-07-02 5 577.015 MEG AR-PG435 2022-05-27 2022-05-27 2021-07-02 PG Books
Copyright © 2025, The Librarian, Library and Information Centre, BMSCA D&P, Bengaluru. All Rights Reserved
web counter

Powered by Koha